Statistics for Composite Names #1

Click here to take the quiz!

General Stats

  • This quiz has been taken 59 times
  • The average score is 17 of 28

Answer Stats

HintAnswer% Correct
HoratioNelson
96%
AnneFrank
95%
SaddamHussein
93%
Il-sungKim
93%
BenjaminFranklin
91%
EdmundHillary
91%
LeBronJames
91%
John
89%
ThierryHenry
88%
GiordanoBruno
79%
Charles
79%
VictorHugo
75%
Chester A.Arthur
72%
Calvin
68%
Rand
63%
Bruce
54%
George
51%
Paul
51%
Jackson
47%
Lee
40%
Abraham
35%
Jacques-LouisDavid
33%
Michael
33%
Lincoln
30%
Ray
30%
GilbertGottfried
28%
Ali
21%
Muhammad
21%

Score Distribution

Percentile by Number Answered

Percent of People with Each Score

Your Score History

You have not taken this quiz